| 000 | 00901 a2200229 4500 | ||
|---|---|---|---|
| 003 | Nust | ||
| 005 | 20221006142919.0 | ||
| 010 | _a 94071687 | ||
| 020 | _a1561343102 : | ||
| 035 | _a(OCoLC)34053626 | ||
| 040 | _cNust | ||
| 082 | 0 | 0 | _a005.43,HIG |
| 100 | 1 |
_aHigginbotham, Timothy E. _966604 |
|
| 245 | 1 | 3 |
_aAn activities approach to Microsoft Works for teachers : _bMacintosh version / _cTimothy E. Higginbotham. |
| 246 | 3 | 0 | _aMicrosoft Works for teachers |
| 260 |
_aMadison, Wis. : _bBrown & Benchmark, _cc1996. |
||
| 300 |
_avi, 458 p. : _bill. ; _c24 cm. + _e1 computer disk (3 1/2 in.). |
||
| 505 | _aPart-1: Introduction (Page-3), Part-2: Word Processing (Page-36),Part-3: Spreadsheets (Page-135), Part-4: Database (Page-276), Part-5: Additional Applications (Page-369). | ||
| 650 | 0 |
_aIntegrated software. _994386 |
|
| 650 | 0 |
_aMacintosh (Computer) _995167 |
|
| 942 |
_cBK _2ddc _k005.43,HIG |
||
| 999 |
_c175205 _d175205 |
||